[Event "COL Students-ch (Women)"]
[Site "Santa Fe"]
[Date "2023.09.25"]
[Round "5"]
[White "Bolanos Calvache, Brigeth Vanessa"]
[Black "Alape Gonzalez, Laura Sofia"]
[Result "1-0"]
[WhiteElo "1651"]
[BlackElo "1340"]
[PlyCount "43"]
[EventDate "2023.09.23"]
[EventType "swiss"]
[EventRounds "6"]
[EventCountry "COL"]
[SourceTitle "EXT 2024"]
[Source "ChessBase"]
[SourceDate "2023.10.10"]
[SourceVersion "1"]
[SourceVersionDate "2023.10.10"]
[SourceQuality "1"]

1. e4 e5 2. Nf3 Nc6 3. Bb5 Nf6 4. 0-0 d6 5. Qe2 Be7 6. Rd1 a6 7. Ba4 0-0 8. c3 d5 9. Bxc6 bxc6 10. Nxe5 Qd6 11. d4 Nxe4 12. f3 f6 13. Nd3 Ng5 14. b3 Bf5 15. Ba3 Bxd3 16. Rxd3 Qf4 17. Bxe7 Rfe8 18. Re3 Kf7 19. Nd2 Rad8 20. Re1 Rd7 21. Ba3 Rxe3 22. Qxe3 1-0

[Event "COL-chT 21st"]
[Site "Cartagena"]
[Date "2019.11.30"]
[Round "9.3"]
[White "Bolanos Calvache, Brigeth Vanessa"]
[Black "Medina Barrios, Lina Maria"]
[Result "1-0"]
[WhiteElo "1668"]
[BlackElo "1469"]
[PlyCount "53"]
[EventDate "2019.11.30"]
[EventType "team-swiss"]
[EventRounds "9"]
[EventCountry "COL"]
[SourceTitle "CBM 195 Extra"]
[Source "ChessBase"]
[SourceDate "2020.05.31"]
[SourceVersion "1"]
[SourceVersionDate "2020.05.31"]
[SourceQuality "1"]
[WhiteTeam "Cauca"]
[BlackTeam "Tolima"]
[WhiteTeamCountry "COL"]
[BlackTeamCountry "COL"]

1. e4 c5 2. Nf3 e6 3. d3 Nc6 4. g3 d5 5. Nbd2 Nf6 6. Bg2 Be7 7. 0-0 0-0 8. e5 Nd7 9. Re1 Re8 10. Qe2 b5 11. Nf1 a5 12. h4 b4 13. N1h2 c4 14. d4 a4 15. Ng4 c3 16. h5 Ba6 17. Qe3 Nb6 18. b3 axb3 19. axb3 Bb5 20. Rxa8 Qxa8 21. h6 Bf8 22. hxg7 Bxg7 23. Nh6+ Bxh6 24. Qxh6 Nd7 25. Bg5 Ne7 26. Bf6 Nf5 27. Qg5+ 1-0

[Event "COL-chT 21st"]
[Site "Cartagena"]
[Date "2019.11.30"]
[Round "5.3"]
[White "Rosales Nazate, Claudia Sofia"]
[Black "Bolanos Calvache, Brigeth Vanessa"]
[Result "0-1"]
[WhiteElo "1364"]
[BlackElo "1668"]
[PlyCount "113"]
[EventDate "2019.11.30"]
[EventType "team-swiss"]
[EventRounds "9"]
[EventCountry "COL"]
[SourceTitle "CBM 195 Extra"]
[Source "ChessBase"]
[SourceDate "2020.05.31"]
[SourceVersion "1"]
[SourceVersionDate "2020.05.31"]
[SourceQuality "1"]
[WhiteTeam "Narino"]
[BlackTeam "Cauca"]
[WhiteTeamCountry "COL"]
[BlackTeamCountry "COL"]

1. e4 c5 2. Nf3 d6 3. d4 cxd4 4. Nxd4 Nf6 5. Nc3 a6 6. Bd3 e5 7. Nf3 Qc7 8. Bg5 Be7 9. 0-0 Be6 10. Bh4 0-0 11. Bg3 Bc4 12. h3 Nbd7 13. Qd2 Rfd8 14. Rfe1 Rac8 15. a3 Bxd3 16. Qxd3 Nc5 17. Qd2 Nh5 18. Bh2 Nf6 19. Rac1 b5 20. Bg3 Qb7 21. Qe2 Rc7 22. Nd2 Rdc8 23. Nd1 Ne6 24. c3 g6 25. f3 Nh5 26. Bf2 Nhf4 27. Qf1 Bf8 28. Bg3 Qb6+ 29. Kh1 a5 30. Ne3 Qb7 31. Qf2 Nd3 32. Qe2 Nxc1 33. Rxc1 b4 34. axb4 axb4 35. Nd5 Rc4 36. Nxc4 bxc3 37. bxc3 Qb5 38. Nde3 Bh6 39. Bf2 Nf4 40. Qd2 Kg7 41. Nxd6 Rd8 42. Nxb5 Rxd2 43. Bg3 Ne2 44. Re1 Nxg3+ 45. Kh2 Nh5 46. Nd5 Nf4 47. Nxf4 Bxf4+ 48. Kg1 Rb2 49. Nc7 Rc2 50. Nd5 Bg3 51. Ra1 Bf2+ 52. Kh1 Bc5 53. Rd1 h6 54. Kh2 Kf8 55. Ra1 Kg7 56. Ra5 Bf2 57. Rc5 0-1

[Event "COL-chT (Women)"]
[Site "Cartagena"]
[Date "2019.11.25"]
[Round "3.3"]
[White "Bolanos Calvache, Brigeth Vanessa"]
[Black "Ruiz Jaraba, Valentina Sofia"]
[Result "0-1"]
[WhiteElo "1741"]
[BlackElo "1640"]
[PlyCount "50"]
[EventDate "2019.11.24"]
[EventType "team-swiss"]
[EventRounds "7"]
[EventCountry "COL"]
[SourceTitle "CBM 193 Extra"]
[Source "ChessBase"]
[SourceDate "2020.01.31"]
[SourceVersion "1"]
[SourceVersionDate "2020.01.31"]
[SourceQuality "1"]
[WhiteTeam "Cauca (W)"]
[BlackTeam "Atlantico (W)"]
[WhiteTeamCountry "COL"]
[BlackTeamCountry "COL"]

1. e4 c5 2. Nf3 d6 3. d4 cxd4 4. Nxd4 Nf6 5. Nc3 a6 6. Be3 e5 7. Nb3 Be6 8. f3 h5 9. Qd2 Nbd7 10. Be2 b5 11. 0-0-0 Qc7 12. h3 h4 13. Qe1 Rc8 14. Rd2 d5 15. exd5 Bxd5 16. Bd1 Bb4 17. Bg5 Bxc3 18. bxc3 Bxb3 19. axb3 Qxc3 20. Rd3 Qxd3 21. Kb2 Qd6 22. f4 b4 23. fxe5 Qd4+ 24. Kb1 Ne4 25. Bg4 Nxg5 0-1

[Event "COL-ch U1800"]
[Site "Villamaria"]
[Date "2019.11.03"]
[Round "5"]
[White "Bolanos Calvache, Brigeth Vanessa"]
[Black "Ramos Rocha, Natalia"]
[Result "1-0"]
[WhiteElo "1741"]
[BlackElo "1186"]
[PlyCount "54"]
[EventDate "2019.11.01"]
[EventType "swiss"]
[EventRounds "7"]
[EventCountry "COL"]
[SourceTitle "CBM 193 Extra"]
[Source "ChessBase"]
[SourceDate "2020.01.31"]
[SourceVersion "1"]
[SourceVersionDate "2020.01.31"]
[SourceQuality "1"]

1. e4 e5 2. Nf3 Nc6 3. Bb5 Nf6 4. 0-0 a6 5. Ba4 b5 6. Bb3 Nxe4 7. Re1 Nf6 8. Nxe5 Nxe5 9. Rxe5+ Be7 10. Qf3 c6 11. Nc3 0-0 12. d3 Bd6 13. Rg5 Re8 14. Ne4 Be7 15. Bd2 h6 16. Rg3 d5 17. Nxf6+ Bxf6 18. d4 Bh4 19. Bxh6 Bxg3 20. Qxg3 Qf6 21. Be3 Ra7 22. Kf1 a5 23. c3 Bf5 24. Bd1 Rae7 25. Be2 Bg6 26. Bg5 Qe6 27. Bxe7 Rxe7 1-0

[Event "COL-ch U26 (Women)"]
[Site "Medellin"]
[Date "2018.10.19"]
[Round "3"]
[White "Palacios Gallo, Yesica Alejandra"]
[Black "Bolanos Calvache, Brigeth Vanessa"]
[Result "1-0"]
[WhiteElo "1492"]
[BlackElo "1811"]
[PlyCount "59"]
[EventDate "2018.10.18"]
[EventType "swiss"]
[EventRounds "6"]
[EventCountry "COL"]
[SourceTitle "CBM 187 Extra"]
[Source "ChessBase"]
[SourceDate "2018.11.04"]
[SourceVersion "1"]
[SourceVersionDate "2018.11.04"]
[SourceQuality "1"]

1. d4 Nf6 2. Nf3 e6 3. b3 d5 4. Bb2 c5 5. e3 Nc6 6. a3 Qc7 7. Nbd2 Bd6 8. c4 0-0 9. dxc5 Bxc5 10. Bxf6 gxf6 11. cxd5 exd5 12. Qc2 Bb6 13. Bd3 h6 14. 0-0 Ne5 15. Rac1 Qd6 16. b4 Nxd3 17. Qxd3 Kh8 18. Rfd1 Be6 19. Ne4 Qe7 20. Ng3 Rac8 21. Nd4 Rxc1 22. Rxc1 Rc8 23. Rxc8+ Bxc8 24. h3 Qe5 25. Qc3 Bd7 26. Nge2 Bc7 27. Nf4 Be6 28. Qc5 Bb6 29. Qf8+ Kh7 30. Ndxe6 1-0

[Event "COL-ch Universities (Women)"]
[Site "Bogota"]
[Date "2015.10.07"]
[Round "5"]
[White "Bolanos Calvache, Brigeth Vanessa"]
[Black "Cespedes Galindo, Estefania"]
[Result "1-0"]
[WhiteElo "1821"]
[BlackElo "1689"]
[PlyCount "57"]
[EventDate "2015.10.05"]
[EventType "swiss"]
[EventRounds "6"]
[EventCountry "COL"]
[SourceTitle "CBM 168 Extra"]
[Source "ChessBase"]
[SourceDate "2015.10.29"]
[SourceVersion "1"]
[SourceVersionDate "2015.10.29"]
[SourceQuality "1"]

1. e4 c5 2. Nf3 e6 3. d3 d5 4. Nbd2 Nc6 5. g3 Nf6 6. Qe2 Qc7 7. Bg2 Be7 8. 0-0 0-0 9. e5 Nd7 10. Re1 b5 11. Nf1 Nb6 12. h4 c4 13. d4 b4 14. N1h2 a5 15. c3 bxc3 16. bxc3 a4 17. Ng5 Qd8 18. Qh5 h6 19. Ngf3 Qe8 20. Qg4 f5 21. Qf4 a3 22. Qd2 Na4 23. Rb1 Bd7 24. Qc2 Na5 25. Bf1 Rb8 26. Rxb8 Qxb8 27. h5 Qc7 28. Nh4 Rb8 29. Ng6 1-0

[Event "COL-ch School U17 Girls"]
[Site "Cali"]
[Date "2012.02.25"]
[Round "5.1"]
[White "Bolanos Calvache, Brigeth Vanessa"]
[Black "Cespedes Galindo, Estefania"]
[Result "1-0"]
[WhiteElo "1752"]
[BlackElo "1850"]
[PlyCount "66"]
[EventDate "2012.02.23"]
[EventType "tourn"]
[EventRounds "5"]
[EventCountry "COL"]
[SourceTitle "EXT 2024"]
[Source "ChessBase"]
[SourceDate "2023.10.10"]
[SourceVersion "1"]
[SourceVersionDate "2023.10.10"]
[SourceQuality "1"]

1. e4 c5 2. Nf3 e6 3. d3 d6 4. g3 b6 5. Bg2 Bb7 6. 0-0 Nc6 7. Re1 Qc7 8. Nbd2 0-0-0 9. b3 f6 10. Bh3 Qf7 11. Bb2 g5 12. Nf1 h5 13. Nxg5 fxg5 14. Bxh8 g4 15. Bg2 e5 16. Ne3 Nge7 17. c3 Bh6 18. Bxe5 dxe5 19. Qe2 Ba6 20. Rad1 Na5 21. Nd5 Nxd5 22. exd5 Bg7 23. c4 Nb7 24. Be4 Nd6 25. Rf1 Bh6 26. f3 Qg7 27. fxg4 hxg4 28. Bf5+ Kb8 29. Rde1 Re8 30. Be6 e4 31. dxe4 Qd4+ 32. Qf2 Bc8 33. Qxd4 cxd4 1-0